| 000 | 00000nam 2200000zi 4500 |
| 001 | 9.946612 |
| 003 | CaOODSP |
| 005 | 20250108102255 |
| 006 | m o d f |
| 007 | cr |n||||||||| |
| 008 | 250108s1977 oncbdo ob f000 0 eng d |
| 040 | |aCaOODSP|beng|erda|cCaOODSP |
| 043 | |an-cn-nk |
| 086 | 1 |aEn57-46/27E-PDF |
| 100 | 1 |aWatson, W. B., |eauthor. |
| 245 | 14|aThe climate of Kouchibouguac National Park, New Brunswick / |cby W.B. Watson. |
| 264 | 1|aToronto : |bApplications and Consultation Division, Meteorological Applications Branch, |c1977. |
| 300 | |a1 online resource (x, 111 pages) : |bmaps, charts, photographs. |
| 336 | |atext|btxt|2rdacontent |
| 337 | |acomputer|bc|2rdamedia |
| 338 | |aonline resource|bcr|2rdacarrier |
| 490 | 1 |aProject report (Canada. Meteorological Applications Branch) ; |vno. 27 |
| 500 | |aDigitized edition from print [produced by Environment and Climate Change Canada]. |
| 500 | |a"Prepared for Parks Canada, Department of Indian and Northern Affairs by the Atmospheric Environment Service, Department of the Environment, Canada." |
| 504 | |aIncludes bibliographical references (pages 103-107). |
| 650 | 0|aNational parks and reserves|zNew Brunswick|xClimate. |
| 650 | 6|aParcs nationaux|zNouveau-Brunswick|xClimat. |
| 651 | 0|aKouchibouguac National Park (N.B.)|xClimate. |
| 651 | 6|aParc national Kouchibouguac (N.-B.)|xClimat. |
| 710 | 1 |aCanada. |bMeteorological Applications Branch. |bApplications and Consultation Division, |eissuing body. |
| 710 | 2 |aParks Canada, |eissuing body. |
| 710 | 1 |aCanada.|bIndian and Northern Affairs, |eissuing body. |
| 710 | 1 |aCanada. |bAtmospheric Environment Service, |eissuing body. |
| 830 | #0|aProject report (Canada. Meteorological Applications Branch)|vno. 27.|w(CaOODSP)9.883702 |
| 856 | 40|qPDF|s95,237 KB|uhttps://publications.gc.ca/collections/collection_2025/eccc/en57/En57-46-27-eng.pdf |